Pohyblivý sviatok

Podrobná bibliografia
Hlavný autor: Hemingway, Ernest, 1899-1961 (Autor)
Ďalší autori: Vojtek, Juraj, 1936-2016 (Prekladateľ)
Médium: Kniha
Jazyk:slovenčina
angličtina
Fyzický popis:194 s. 21 cm
Vydavateľské údaje: Bratislava Ikar 2016
ISBN:9788055146706
Vydanie:1. vyd.
Edícia:Odeon
Predmet:

MARC

LEADER 00000cam a2200000 a 4500
001 vtls011533175
003 SK-MaSNL
005 20260301220125.0
008 240318s2016 xo g 000 jbslo
015 |a SNBA2016/05 
020 |a 9788055146706  |q (viaz.) 
035 |a 9EE69C70-727F-4010-A43E-73CDABFFDDA0 
035 |a urn:nbn:sk:snk-amllac 
035 |a urn:nbn:sk:snk-am00bevz 
040 |a SNK  |b slo  |c SNK  |e AACR2 
041 1 |a slo  |h eng 
043 |a e-fr--- 
044 |a xo  |c SK 
072 7 |a 821.111(73).09  |x Americká literatúra (o nej)  |2 konspekt 
072 7 |a 929  |x Biografie  |2 konspekt 
080 |a 821.111(73)-051  |2 2011 
080 |a (0:82-4)  |2 2011 
080 |a (0:82-94)  |2 2011 
080 |a 821.111(73)-3  |2 2011 
080 |a (443.611)  |2 2001 
100 1 |a Hemingway, Ernest,  |d 1899-1961  |4 aut  |9 205167 
240 1 0 |a A Moveable Feast  |l Slovensky 
245 1 0 |a Pohyblivý sviatok  |c Ernest Hemingway ; [z anglického originálu preložil Juraj Vojtek] 
250 |a 1. vyd. 
260 |a Bratislava  |b Ikar  |c 2016 
300 |a 194 s.  |c 21 cm 
490 1 |a Odeon 
600 1 7 |a Hemingway, Ernest,  |d 1899-1961  |2 SNKMA  |9 205167 
648 7 |a 1921-1926  |2 SNKPH  |9 566249 
650 0 7 |a americkí spisovatelia  |2 SNKPH  |9 82945 
650 0 7 |a American authors  |2 SNKPHeng  |9 277878 
651 7 |a Paríž (Francúzsko)  |2 SNKPH  |9 23519 
651 7 |a Paris (France)  |2 SNKPHeng  |9 313341 
655 7 |a americké prózy  |2 SNKPH  |9 70628 
655 7 |a črty  |2 SNKPH  |9 70772 
655 7 |a American prose  |2 SNKPHeng  |9 329382 
655 7 |a Autobiographical reminiscences  |2 SNKPHeng  |9 302514 
655 7 |a autobiografické spomienky  |2 SNKPH  |9 70489 
655 7 |a Literary sketches  |2 SNKPHeng  |9 313245 
700 1 |a Vojtek, Juraj,  |d 1936-2016  |4 trl  |9 195147 
830 0 |a Odeon  |9 304247 
852 |a Štátna vedecká knižnica v Banskej Bystrici 
919 |a 978-80-551-4670-6 
958 |a LX 
958 |a UP 
958 |a BC 
968 |b ENG 
999 |c 930689  |d 932619 
952 |a SNK  |b SNK  |y PREZ  |7 0  |p 17A1192857  |o snkSC 169257  |i snk2016/9786  |8 0  |0 0  |1 0  |4 0  |d 2016-04-18  |f 1  |l 0  |r 2026-02-24 08:47:08  |w 2026-02-24 
952 |a SNK  |b SNK  |y PREZ  |7 0  |p 17A1192858  |o snkSC 169257 D1  |i snk2016/9787  |8 0  |0 0  |1 0  |4 0  |d 2016-04-18  |l 0  |r 2026-02-24 08:47:08  |w 2026-02-24